000 00685nam a2200229 a 4500
001 000023096
005 20200930022002.0
008 101126s1966 xxca 001 0 eng d
040 _aDO-SdBNP
_bspa
_cBNPHU
082 _a598.71
_bE12b
100 1 _aEarl Godfrey, W.
_947549
245 1 4 _aThe birds of Canada /
_cW. Earl Godfrey ; ilustración de John A. Crosby.
260 _aOttawa, Canadá :
_bNational Museums of Canada,
_c1966.
300 _a428 p. :
_bil. ;
_c28 cm.
500 _aIncluye índice.
500 _aIncluye glosario.
650 4 _aAve fria
_947550
650 4 _aAves
_zCanadá
_947551
700 1 _aCrosby, John A.,
_eil.
_947552
910 _aWM
049 _aBNGR
999 _c22593
_d22593